000
00329nam a2200121Ia 4500
008
180219s9999 xx 000 0 und d
020
_a
781735386
100
_a
Karch, Amy M.
245
_a
Focus on nursing pharmacy /
250
_a
2nd ed
260
_a
New york :
_b
Lippincott williams & wilkins
_c
2003
300
_a
xiii, 886 pages
999
_c
355921
_d
355921